=LDR 00000nam 2200000 4500 =001 000290 =005 20250710011041 =035 ##$$a 0010-0725000135 =007 ta =008 250710################a##########0#ind## =020 ##$$a 978-623-307-977-8 =082 ##$$a 398.209 598 =084 ##$$a 398.209 598 LAL d =100 #$$a Lal Anupa =245 1#$$a Di Bawah Ranjangku /$c Anupa Lal =250 ##$$a Cetakan Pertama 2024 =260 ##$$a Jakarta :$b Badan Pengembangan dan Pembinaan Bahasa,$c 2022 =300 ##$$a 18 hlm : $b Ilus. ; $c 22,9 cm =650 #4$$a Cerita Anak Indonesia - Terjemahan =650 #4$$a Literasi- Bahan Bacaan =990 ##$$a TBM2024011019